| 000 | 01999 a2200313 4500 | ||
|---|---|---|---|
| 003 | OSt | ||
| 005 | 20180116192350.0 | ||
| 008 | 110808t xxu||||| |||| 00| 0 eng d | ||
| 010 | _a 2003055948 | ||
| 020 | _a0521781876 (hardback) | ||
| 020 | _a9780554389561 | ||
| 035 | _a(OCoLC)ocm53013331 | ||
| 040 | _c0 | ||
| 082 | 0 | 0 |
_a709.22 _aB |
| 100 | 1 |
_aBellori, Giovanni Pietro, _92 |
|
| 245 | 1 | 4 |
_aThe lives of the painters, sculptors and architects / _cGiovan Pietro Bellori ; translated by Alice Sedgwick Wohl ; notes by Hellmut Wohl ; introduction by Tomaso Montanari. _nIn Eight Volumes _pSADAVol.1 |
| 250 | _aNew translation and critical ed. | ||
| 260 |
_aNew York : _bCambridge University Press, _c2007. |
||
| 300 |
_axii, 243 p. : _bill. ; _c29 cm. |
||
| 505 | _aPholostratus the Younger-- The idea of the painter, the sculptor and the architect-- Painting, sculpture, architecture-- The life of Annibale Carracci-- The life of Agostino Carracci-- The life of Domenico Fontana-- The life of Federico Barocci-- The life of Michelangalo Merisi da Caravaggio-- The life of Peter Paul Rubens-- The life of Anthony van Dyck-- The life of François Du Quesnoy-- The life of Domenico Zampieri, il Domenichino-- The life of Giovanni Lanfranco-- The life of Alessandro Algardi-- The life of Nicolas Poussin-- The life of Guido Reni-- The life of Andrea Sacchi-- The life of Carlo Maratti-- Glossary-- Chronology-- Appendix 1: Biographical notes-- Appendix 2: Bellori's accuracy-- Appendix 3: Orientation in Bellori's descriptions-- Bibliography.-- | ||
| 650 | 1 | 0 |
_aArtists _zEurope _93 |
| 650 | 1 | 0 |
_aArtists _zItaly _94 |
| 650 | 1 | 0 |
_aArt, European _y17th century _95 |
| 700 | 1 |
_aWohl, Hellmut. _96 |
|
| 856 | 4 | 2 |
_3Publisher description _uhttp://www.loc.gov/catdir/description/cam041/2003055948.html |
| 856 | 4 | 2 |
_3Table of contents _uhttp://www.loc.gov/catdir/toc/cam041/2003055948.html |
| 942 |
_aSADA _cBK _k709.22 BEL 2007 _2ddc |
||
| 999 |
_c352894 _d352894 |
||